[Event "I Magistral Villa de Almazán 2017"]
[Site "Almazan ESP"]
[Date "2017.07.22"]
[Round "9.3"]
[White "Repka, Christopher"]
[Black "Cruz, Filemon"]
[Result "1/2-1/2"]
[WhiteElo "2454"]
[BlackElo "2337"]
[PlyCount "104"]
[EventDate "2017.07.17"]
[EventType "tourn"]
[EventRounds "9"]
[EventCountry "ESP"]
[EventCategory "3"]
[SourceTitle "Ajedrez en Madrid"]
[Source "lmi"]
[SourceDate "2017.07.17"]
[SourceVersion "1"]
[SourceVersionDate "2017.07.27"]
[SourceQuality "1"]

1. d4 Nf6 2. Nf3 e6 3. Bf4 b6 4. e3 Bb7 5. h3 c5 6. c3 Be7 7. Be2 O-O 8. O-O d6
9. Nbd2 Nbd7 10. a4 a6 11. Bh2 Qc7 12. Bd3 cxd4 13. exd4 Rfe8 14. Re1 Bc6 15.
Qb3 Bf8 16. Ng5 Bb7 17. Nge4 Nxe4 18. Nxe4 Qc6 19. Bf1 Be7 20. Qa3 Nf6 21.
Nxf6+ gxf6 22. d5 Qxd5 23. Red1 Qc5 24. Bxd6 Qxa3 25. Bxa3 Bxa3 26. Rxa3 Red8
27. Raa1 a5 28. f4 Be4 29. Kf2 Bc2 30. Rxd8+ Rxd8 31. Ke3 f5 32. Bb5 Kg7 33. g3
Kf6 34. b4 Rg8 35. Kf2 Rd8 36. Ra2 Be4 37. Be2 Rc8 38. Ra3 Rd8 39. Ke3 Bg2 40.
h4 Bc6 41. bxa5 bxa5 42. Bb5 Be4 43. c4 Rd1 44. Rc3 Ke7 45. c5 Rg1 46. Kd4 Rd1+
47. Ke3 Rg1 48. Kf2 Rg2+ 49. Kf1 Kd8 50. Be2 Kc7 51. Bh5 f6 52. Be8 e5 1/2-1/2

[Event "I Magistral Villa de Almazán 2017"]
[Site "Almazan ESP"]
[Date "2017.07.22"]
[Round "9.4"]
[White "Villar Reymundo, Juan Antonio"]
[Black "Panelo, Marcelo"]
[Result "1/2-1/2"]
[WhiteElo "2233"]
[BlackElo "2379"]
[PlyCount "29"]
[EventDate "2017.07.17"]
[EventType "tourn"]
[EventRounds "9"]
[EventCountry "ESP"]
[EventCategory "3"]
[SourceTitle "Ajedrez en Madrid"]
[Source "lmi"]
[SourceDate "2017.07.17"]
[SourceVersion "1"]
[SourceVersionDate "2017.07.27"]
[SourceQuality "1"]

1. c4 e6 2. Nc3 d5 3. d4 Nf6 4. Nf3 Be7 5. Bg5 O-O 6. Qc2 h6 7. Bh4 c5 8. cxd5
cxd4 9. Nxd4 Nxd5 10. Bxe7 Qxe7 11. Nxd5 exd5 12. e3 Nc6 13. Nxc6 bxc6 14. Rd1
Be6 15. Be2 1/2-1/2

[Event "I Magistral Villa de Almazán 2017"]
[Site "Almazan ESP"]
[Date "2017.07.22"]
[Round "9.5"]
[White "Laiz Ibañez, Hector"]
[Black "Perez Garcia, Alejandro"]
[Result "1-0"]
[WhiteElo "2269"]
[BlackElo "2358"]
[PlyCount "87"]
[EventDate "2017.07.17"]
[EventType "tourn"]
[EventRounds "9"]
[EventCountry "ESP"]
[EventCategory "3"]
[SourceTitle "Ajedrez en Madrid"]
[Source "lmi"]
[SourceDate "2017.07.17"]
[SourceVersion "1"]
[SourceVersionDate "2017.07.27"]
[SourceQuality "1"]

1. e4 c6 2. d4 d5 3. e5 c5 4. dxc5 e6 5. Be3 Nc6 6. Bb5 Bd7 7. Bxc6 Bxc6 8. Nf3
Nh6 9. c3 Nf5 10. Bd4 Qc7 11. O-O Be7 12. Re1 h5 13. Nbd2 g5 14. Nf1 g4 15.
N3d2 Rg8 16. a4 a5 17. Ng3 Nxg3 18. fxg3 h4 19. gxh4 Bxh4 20. g3 Bg5 21. Nf1
Qd7 22. b3 Rg6 23. Ne3 Bxe3+ 24. Bxe3 d4 25. Qxd4 Qxd4 26. Bxd4 O-O-O 27. Red1
Bf3 28. Rf1 Rg5 29. Rxf3 gxf3 30. Kf2 Rd5 31. Re1 Kd7 32. h4 Rh5 33. Kxf3 f5
34. exf6 e5 35. g4 Rxh4 36. Bxe5 Rh3+ 37. Kf4 Rdd3 38. Bd4 Rhf3+ 39. Kg5 Rd2
40. Kg6 Rg2 41. g5 Rfg3 42. Re5 Rf3 43. f7 Rh2 44. Kg7 1-0